Memorias de un tiempo más o menos personal / (Record no. 70514)

MARC details
000 -LEADER
campo de control de longitud fija 00565nam a2200181 i 4500
001 - NÚMERO DE CONTROL
campo de control 70514
003 - IDENTIFICADOR DE NÚMERO DE CONTROL
campo de control ES-MaACL
005 - FECHA Y HORA DE LA ÚLTIMA TRANSACCIÓN
campo de control 20240428063033.0
007 - CAMPO FIJO DE DESCRIPCIÓN FÍSICA--INFORMACIÓN GENERAL
campo de control de longitud fija t|
008 - DATOS DE LONGITUD FIJA--INFORMACIÓN GENERAL
campo de control de longitud fija 040727s1976 sp ||||1| spa d
100 0# - ENTRADA PRINCIPAL--NOMBRE DE PERSONA
Nombre de persona García Velasco, Marcelino,
Fechas asociadas al nombre 1936-2023
9 (RLIN) 55386
245 10 - MENCIÓN DEL TÍTULO
Título Memorias de un tiempo más o menos personal /
Mención de responsabilidad, etc. Marcelino García Velasco.
260 ## - PUBLICACIÓN, DISTRIBUCIÓN, ETC.
Lugar de publicación, distribución, etc. Algeciras :
Nombre del editor, distribuidor, etc. [s.n.,
Fecha de publicación, distribución, etc. 1976] (
Fabricante Tip. Algericeña)
300 ## - DESCRIPCIÓN FÍSICA
Extensión 62 p. ;
Dimensiones 17 cm.
500 ## - NOTA GENERAL
Nota general Premio Bahia, 1976.
852 ## - LOCALIZACIÓN
Ubicación ES-MaACL
Número de control de estantería A-6181
Sublocalización o colección R.94716
Holdings
Estatus retirado Estado de pérdida Estado de daño No para préstamo Biblioteca de origen Biblioteca actual Ubicación en estantería Fecha de adquisición Fuente de adquisición Total de préstamos Signatura topográfica completa Código de barras Visto por última vez Precio de reemplazo Tipo de ítem Koha
        Biblioteca del Ateneo de Madrid Biblioteca del Ateneo de Madrid Sala Pecera Planta 1 17/01/2008     A-6181 1073837 23/02/2023 23/02/2023 Libro impreso